000 01056nac a22003257a 4500
001 BR9702056
003 BR-BrBNA
005 20240105121911.0
008 230509b bl.|||m| |||| 00| 0 por d
040 _aBR-BrBNA
_bpor
_cBiblioteca Nacional de Agricultura
072 _aF30
090 _a0335 BR9702056
100 1 _aArriel, N.H.C.
100 1 _aAndrade, F.P. de
100 1 _aAlencar, A.R. de
100 1 _aGuedes, A.R.
100 1 _aCosta, I.T. da
110 1 _aCentro Nacional de Pesquisa do Algodao, Campina Grande, PB (Brasil)
_91702
245 1 _aComportamento de genotipos de gergelim em dois municipios do estado da Paraiba
260 3 _aCampina Grande, PB (Brasil):
_c1996.
300 _a5 p.
490 _aPesquisa em Andamento - Centro Nacional de Pesquisa do Algodao (Brazil)
_vno. 30
_x
650 _aGergelim
650 _aGenotipo
650 _aMelhoramento Genetico Vegetal
650 _aComportamento de Variedade
650 _aParaiba
909 _a202312
_bLúcia Elande
_c55
_dLúcia Elande
942 _2AGRIS
_n0
_cMS
999 _c288120
_d288120